Leadership in the last days : (Record no. 25264)
[ view plain ]
| 000 -LEADER | |
|---|---|
| fixed length control field | 00781nam a22002057a 4500 |
| 003 - CONTROL NUMBER IDENTIFIER | |
| control field | AUA.1 |
| 005 - DATE AND TIME OF LATEST TRANSACTION | |
| control field | 20251120173143.0 |
| 008 - FIXED-LENGTH DATA ELEMENTS--GENERAL INFORMATION | |
| fixed length control field | 251120b |||||||| |||| 00| 0 eng d |
| 020 ## - INTERNATIONAL STANDARD BOOK NUMBER | |
| International Standard Book Number | 9798886289138 |
| 040 ## - CATALOGING SOURCE | |
| Transcribing agency | JTL |
| 050 ## - LIBRARY OF CONGRESS CALL NUMBER | |
| Classification number | BV4597.53.L43 |
| Item number | B35 2025 |
| 245 ## - TITLE STATEMENT | |
| Title | Leadership in the last days : |
| Remainder of title | twelve tools for Adventist leaders / |
| Statement of responsibility, etc | Delbert W. Baker, Dwain N. Esmond (eds). |
| 260 ## - PUBLICATION, DISTRIBUTION, ETC. (IMPRINT) | |
| Place of publication, distribution, etc | Lincoln, Nebraska : |
| Name of publisher, distributor, etc | AdventSource; |
| Date of publication, distribution, etc | c2025. |
| 300 ## - PHYSICAL DESCRIPTION | |
| Extent | 143 pages ; |
| Dimensions | 23 cm. |
| 650 ## - SUBJECT ADDED ENTRY--TOPICAL TERM | |
| Topical term or geographic name as entry element | Practical religion. The Christian life |
| Form subdivision | Interpersonal relations |
| General subdivision | Leadership |
| 650 ## - SUBJECT ADDED ENTRY--TOPICAL TERM | |
| Topical term or geographic name as entry element | Christian leadership |
| Form subdivision | Seventh-day Adventists |
| 700 ## - ADDED ENTRY--PERSONAL NAME | |
| Personal name | Baker, Delbert W. |
| Relator term | editor |
| 700 ## - ADDED ENTRY--PERSONAL NAME | |
| Personal name | Esmond, Dwain N. |
| Relator term | editor |
| 942 ## - ADDED ENTRY ELEMENTS (KOHA) | |
| Source of classification or shelving scheme | Library of Congress Classification |
| Koha item type | Books |
| Classification part | BV 4597.53 .L43 |
| Item part | B35 2025 |
| Withdrawn status | Lost status | Source of classification or shelving scheme | Damaged status | Not for loan | Collection code | Home library | Current library | Shelving location | Date acquired | Source of acquisition | Cost, normal purchase price | Serial Enumeration / chronology | Total Checkouts | Full call number | Barcode | Date last seen | Cost, replacement price | Price effective from | Koha item type |
|---|---|---|---|---|---|---|---|---|---|---|---|---|---|---|---|---|---|---|---|
| Library of Congress Classification | Books | Judith Thomas Library | Judith Thomas Library | General Stacks | 20/11/2025 | Bought by JTL | 15.00 | AUA28010 | BV 4597.53 .L43 B35 2025 | AUA28010 | 20/11/2025 | 15.00 | 20/11/2025 | Books |